01194nam a22002651 4500001000700000003000900007005001700016008004100033080002900074080002900103100003400132245006000166250001200226260006000238300005500298490006100353500003800414597015200452600003400604700003800638830006600676852004000742999001900782952012700801177309ES-MaACL20250815121301.0110315s1972 sp af ||||0| spa d a74 Mustieles, Benjamín a75 Mustieles, Benjamín1 aMustieles, Benjamín.98471110aDibujos de Mustíeles / cpor José Ramón Ametller. a1ª ed. aMadrid : bIbérico Europea de Ediciones, ccop. 1972. a[32] p. : bprincipalmente il. bl. y n. ; c31 cm.1 aMaestros contemporáneos del dibujo y la pintura ; v19 aEncuadernado con otros títulos. aEn el lomo: Martínez Novillo, Grau Sala, Álvaro Delgado, Agustín Úbeda, Arteta, Picasso, Vela Zanetti, Montes Iturrioz, Mustieles, Barjola.14aMustieles, Benjamín.9847111 aAmetller, José Ramón.914563700aMaestros contemporáneos del dibujo y la pinturav199190405 aES-MaACLjE-14687 (9) xOlim P-1071 c177309d177309 00104070aATENEOMbATENEOMcDEPO2d2011-03-15eCOMl0oE-14687 (9)p1186226r2023-02-23 00:00:00w2023-02-23yMONOGRAFIA